000 00666nam a2200181Ia 4500
008 100921s9999 xx 000 0 und d
082 _b35325
_a891.463 थ 98
100 _aमेहता भारती.
245 _aतेंव्हा शिल्प हसले.
260 _bमंदार प्रकाशन,पनवेल.
_c1998
300 _a109
_bजयेश एजन्सी,पुणे.
365 _b100
520 _aललित-कथा.
630 _aतेंव्हा शिल्प हसले.
650 _aललित-कथा.
730 _aतेंव्हा शिल्प हसले.
942 _cBOOK
999 _c784438
_d784435